|
|
|
|
| LEADER |
00927cam a2200253 7i4500 |
| 001 |
0000033812 |
| 005 |
20170324090000.0 |
| 007 |
##ta |
| 008 |
160920s2015 mau eng |
| 022 |
0 |
# |
|a 13946188
|
| 040 |
# |
# |
|a MATR
|
| 090 |
0 |
0 |
|a M 658.5025
|b MAL
|
| 245 |
0 |
0 |
|a MALAYSIA LOGISTICS DIRECTORY 2015/2016.
|
| 264 |
# |
1 |
|a Shah Alam, Selangor:
|b Marshall Cavendish,
|c 2015.
|
| 300 |
# |
# |
|a 320 pages:
|b illustrations;
|c 30 cm.
|
| 336 |
# |
# |
|a text
|2 rdacontent
|
| 337 |
# |
# |
|a unmediated
|2 rdamedia
|
| 338 |
# |
# |
|a volume
|2 rdacarrier
|
| 650 |
# |
0 |
|a Transportation, Automotive --
|x Directories --
|z Malaysia
|
| 650 |
# |
0 |
|a Freight and freightage --
|x Directories --
|z Malaysia
|
| 650 |
# |
0 |
|a Industrial transport --
|x Directories --
|z Malaysia
|
| 650 |
# |
0 |
|a Logistics --
|x Directories --
|z Malaysia
|
| 650 |
# |
0 |
|a Business logistics --
|x Directories --
|z Malaysia
|
| 999 |
|
|
|a 0000037611
|b Directories
|c Malaysia
|e Business Information Centre
|